00526nam a2200169 i 4500001000700000003000900007007000300016008004100019080001800060100001900078245010600097260003400203300002200237500002900259650003500288852003300323105843ES-MaACLt|060901s1973 fr ||||1| fre d a338.984.3(44)1 aDurrieu, Yves.12aL'impossible régionalisation capitaliste b: témoignages de Fos et du Languedoc / cYves Durrieu. aParis : bAnthropos, c[1973] a268 p. ; c19 cm. aBiblioteca Juan Andrade.14aDesarrollo regional-zFrancia. aES-MaACLjAND-658 bR.109955